|
|
|
|
| LEADER |
02251nam a2200529 a 4500 |
| 001 |
001298619 |
| 003 |
CZ BrMZK |
| 005 |
20130627110542.0 |
| 006 |
m||||||||d|||||||| |
| 007 |
co^cg |
| 008 |
130604s2012 xr e 000 0 cze |
| 015 |
|
|
|a cnb002464848
|
| 020 |
|
|
|a 978-80-210-6039-5
|q (CDR)
|
| 040 |
|
|
|a BOA001
|b cze
|
| 043 |
|
|
|a e-xr---
|
| 072 |
|
7 |
|a 72/76
|x Výtvarné umění
|2 Konspekt
|9 21
|
| 080 |
|
|
|a 005.591
|2 MRF
|
| 080 |
|
|
|a 373.3
|2 MRF
|
| 080 |
|
|
|a 373.5/.6+377.1/.3
|2 MRF
|
| 080 |
|
|
|a 72/76:37.016
|2 MRF
|
| 080 |
|
|
|a 371.3
|2 MRF
|
| 080 |
|
|
|a 7.07-053.2
|2 MRF
|
| 080 |
|
|
|a (437.3)
|2 MRF
|
| 080 |
|
|
|a (048.8)
|2 MRF
|
| 080 |
|
|
|a (0.034.44)
|2 MRF
|
| 245 |
0 |
0 |
|a Výzkum ontogenetických, typologických a interpretačních současných výtvarných projevů žáků základních a středních škol
|h [elektronický zdroj] :
|b (aktuální příspěvek k teorii a praxi výtvarné pedagogiky) /
|c Hana Stehlíková Babyrádová (editor) ... [et al.]
|
| 250 |
|
|
|a 1. vyd.
|
| 260 |
|
|
|a Brno :
|b Nakladatelství MU,
|c 2012
|
| 300 |
|
|
|a 1 CD-ROM
|
| 500 |
|
|
|a Název z titulní obrazovky; označení vyd. z tiráže
|
| 500 |
|
|
|a Pod názvem: Masarykova univerzita, katedra výtvarné výchovy PdF
|
| 538 |
|
|
|a Požadavky na systém: internetový prohlížeč, prohlížeč obrázků (JPG)
|
| 650 |
0 |
7 |
|a programy a projekty
|z Česko
|7 ph255086
|2 czenas
|
| 650 |
0 |
7 |
|a základní školy
|z Česko
|7 ph116795
|2 czenas
|
| 650 |
0 |
7 |
|a střední školy
|z Česko
|7 ph116320
|2 czenas
|
| 650 |
0 |
7 |
|a výtvarná výchova
|7 ph127464
|2 czenas
|
| 650 |
0 |
7 |
|a studium a výuka
|7 ph136700
|2 czenas
|
| 650 |
0 |
7 |
|a dětský výtvarný projev
|7 ph138830
|2 czenas
|
| 655 |
|
7 |
|a studie
|7 fd133597
|2 czenas
|
| 655 |
|
7 |
|a CD-ROM
|7 fd133955
|2 czenas
|
| 700 |
1 |
|
|a Stehlíková Babyrádová, Hana,
|d 1959-
|7 mzk2002103151
|4 aut
|4 edt
|
| 710 |
2 |
|
|a Masarykova univerzita.
|b Katedra výtvarné výchovy
|7 mzk2007412327
|
| 910 |
|
|
|a BOA001
|b CDR-1306.518
|
| 990 |
|
|
|a BK
|
| 991 |
|
|
|b 201306
|e n
|
| 996 |
6 |
|
|b 2610552120
|c CDR-1306.518
|l Stud. periodik/2.patro
|r Sklad / do 1 hodiny
|n 2
|p p.v.
|w 001333691
|u 000010
|a 1
|e BOA001
|j MZK50
|s P
|
| 996 |
6 |
|
|b 2610552121
|c CDR-1306.518
|l Stud. periodik/2.patro
|r Sklad / do 1 hodiny
|n 1
|p p.v.
|w 001333691
|u 000020
|a 1
|e BOA001
|j MZK50
|s P
|